Vplyv majetkovej štruktúry podniku na náklady podniku bakalárska práca

Saved in:
Bibliographic Details
Main Author: Ragulová, Adriana
Corporate Author: Fakulta podnikového manažmentu EU. Katedra podnikovohospodárska
Other Authors: Rybárová, Daniela, 1967-
Format: Book
Language:Slovak
Published: Bratislava 2018
Tags: Add Tag
No Tags, Be the first to tag this record!

MARC

LEADER 00000nbm a2200000 4500
001 0244866
005 20181009112429.4
041 0 |a slo 
044 |a SK 
245 1 0 |a Vplyv majetkovej štruktúry podniku na náklady podniku  |b bakalárska práca  |c Adriana Ragulová ; školiteľ: Daniela Rybárová 
264 1 |a Bratislava  |c 2018 
300 |a 54 s. 
100 1 |a Ragulová, Adriana 
700 1 |a Rybárová, Daniela, 1967- 
710 2 |a Fakulta podnikového manažmentu EU. Katedra podnikovohospodárska